Sledovanie pohľadu pri hraní počítačovej hry

Salvato in:
Dettagli Bibliografici
Autore principale: Hoang The, Vinh (Autore)
Altri autori: Vincúr, Juraj (Relatore della tesi)
Natura: Manoscritto Libro
Lingua:slovacco
Pubblicazione: 2022
Soggetti:
Accesso online:http://is.stuba.sk/zp/portal_zp.pl?podrobnosti=154970
Tags: Aggiungi Tag
Nessun Tag, puoi essere il primo ad aggiungerne!!

MARC

LEADER 00000ntm a22000003a 4500
001 stuzp88009
003 SK-STU
005 20220625210734.2
007 ta
008 150427s2015----xo-----f-mn---000-0-slo-d
040 |a STU  |b slo 
041 0 |a slo 
100 1 |a Hoang The, Vinh  |u 070200  |4 aut  |U FIIT Fakulta informatiky a informačných technológií  |T FIIT Ústav informatiky, informačných systémov a softvérového inžinierstva  |X 102947  |U I200  |Y 179  |7 102947 
242 0 1 |a Utilizing eye tracking in video games  |y eng 
245 1 0 |a Sledovanie pohľadu pri hraní počítačovej hry 
260 |c 2022 
650 4 |a Sledovanie pohľadu  |2 slo 
650 4 |a Počítačové hry  |2 slo 
650 4 |a Vizuálna pozornosť  |2 slo 
650 4 |a Eye tracking  |2 eng 
650 4 |a Computer games  |2 eng 
650 4 |a Visual attention  |2 eng 
700 1 |a Vincúr, Juraj  |u 070200  |k Z8  |4 ths  |U FIIT Fakulta informatiky a informačných technológií  |T FIIT Ústav informatiky, informačných systémov a softvérového inžinierstva  |X 5783  |U I200  |Y 179  |7 A000005783 
856 4 |u http://is.stuba.sk/zp/portal_zp.pl?podrobnosti=154970